| 000 | 00623cam a22002172 4500 | ||
|---|---|---|---|
| 001 | 0000019864 | ||
| 005 | 20151217145921.0 | ||
| 008 | 110301s xx 000 0 eng d | ||
| 020 | _a0070656642 : | ||
| 040 |
_aKABU _cKABU |
||
| 050 | 0 |
_aQA76.76 _b.C69L49 |
|
| 100 | 1 |
_aLeon, Alexis. _@0000148382 |
|
| 245 | 1 | 0 |
_aERP demystified / _cAlexis Leon. |
| 250 | _a2nd ed. | ||
| 260 |
_aNew Delhi : _bTata McGraw-Hill, _c2008. |
||
| 300 | _axviii, 585 p. | ||
| 650 | 0 |
_aSoftware configuration management. _@0000148383 |
|
| 852 | 1 | _9p2050 KES | |
| 908 | _a110301 | ||
| 950 | _@1 | ||
| 999 |
_c4033 _d4033 |
||